| 000 | 00607nam a2200193 a 4500 | ||
|---|---|---|---|
| 001 | 4928 | ||
| 003 | CO-ViMGA | ||
| 008 | 141112s2004 ck r 000 u spa d | ||
| 040 |
_aCO-ViMGA _bspa _cCO-ViMGA |
||
| 082 | 0 | 4 | _aR342.02 C656pa |
| 100 | 1 |
_aColombia. Constitución _948785 |
|
| 245 | 1 | 0 |
_aConstitución Política de Colombia de 1991 : _bderechos del niño, de la mujer, del hombre |
| 260 |
_aSantafé de Bogotá : _bCooperativa Editorial Magisterio, _c1997 |
||
| 300 | _a193 p | ||
| 490 | _aDocumentos, 15 | ||
| 590 | _aEjemplares : 2 | ||
| 650 | 1 | 4 |
_aCONSTITUCION COLOMBIANA _96198 |
| 942 |
_2ddc _cBK |
||
| 999 |
_c16931 _d16931 |
||